000 00759nas a2200205 454500
001 19388
005 20260407193505.0
008 260407s1989####ag###########|||spa#d
003 AR-UNSa-BCEJYS
040 _aAR-UNSa-BCEJYS
_bspa
_cAR-UNSa-BCEJYS
080 _a35
_xAdministración Pública
245 1 0 _aPrimer seminario internacional sobre aspectos legales de la privatización y la desregulación
264 1 _aBuenos Aires :
_bCiencias de la Administración
_c1989
310 _aFrecuencia:
942 _cSER
590 _aniveau_biblio:s niveau_hierar:1
650 _aADMINISTRACION PUBLICA
650 _aPrivatización
856 4 1 _uhttps://biblioeco.unsa.edu.ar/pmb/images/revistas/Regimen de la Administraci?n P?blica.jpg
_yImagen de portada
_qimage/jpeg
999 _c8527
_d8527